书目信息 |
| 题名: |
音乐教学和钢琴艺术
|
|
| 作者: | 裴海青 , 李肖仙 著 | |
| 分册: | ||
| 出版信息: | 沈阳 辽海出版社 2018 |
|
| 页数: | 270页 | |
| 开本: | 24cm | |
| 丛书名: | ||
| 单 册: | ||
| 中图分类: | J6-42 , J624.16 | |
| 科图分类: | ||
| 主题词: | 音乐教育--Yin Yue Jiao Yu--教学研究 , 钢琴课教学--Gang Qin Ke Jiao Xue--教学研究 | |
| 电子资源: | ||
| ISBN: | 978-7-5451-4627-1 | |
| 000 | 00909nam0 2200277 45 | |
| 001 | 012001008205 | |
| 005 | 20131022114750.0 | |
| 010 | @a978-7-5451-4627-1@dCNY45.00 | |
| 099 | @aCAL 012019015476 | |
| 100 | @a20190227d2019 ekmy0chiy50 ea | |
| 101 | 0 | @achi |
| 102 | @aCN@b210000 | |
| 105 | @ay z 000yy | |
| 106 | @ar | |
| 200 | 1 | @a音乐教学和钢琴艺术@AYin Yue Jiao Xue He Gang Qin Yi Shu@f裴海青, 李肖仙著 |
| 210 | @a沈阳@c辽海出版社@d2018 | |
| 215 | @a270页@d24cm | |
| 330 | @a本书内容包括:音乐教学技能、教学语言、课外音乐艺术活动的组织、多媒体在音乐课堂教学中的运用及制作技能等。 | |
| 606 | 0 | @a音乐教育@AYin Yue Jiao Yu@x教学研究 |
| 606 | 0 | @a钢琴课教学@AGang Qin Ke Jiao Xue@x教学研究 |
| 690 | @aJ6-42@v4 | |
| 690 | @aJ624.16@v4 | |
| 701 | 0 | @a裴海青@APei Hai Qing@4著 |
| 701 | 0 | @a李肖仙@ALi Xiao Xian@4著 |
| 801 | 0 | @aCN@b上海新华@c20191020 |
| 905 | @b1179676-9@dJ6-42@e1074@f4 | |
| 音乐教学和钢琴艺术/裴海青, 李肖仙著.-沈阳:辽海出版社,2018 |
| 270页;24cm |
| ISBN 978-7-5451-4627-1:CNY45.00 |
| 本书内容包括:音乐教学技能、教学语言、课外音乐艺术活动的组织、多媒体在音乐课堂教学中的运用及制作技能等。 |
| ● |
| 相关链接 |
|
|
|
|
正题名:音乐教学和钢琴艺术
索取号:J6-42/1074
 
预约/预借
| 序号 | 登录号 | 条形码 | 馆藏地/架位号 | 状态 | 备注 |
| 1 | 1179676 | 211796760 | 第一样本阅览室/ [索取号:J6-42/1074] | 在馆 | |
| 2 | 1179677 | 211796779 | 第一借阅区/ [索取号:J6-42/1074] | 在馆 | |
| 3 | 1179678 | 211796788 | 第一借阅区/ [索取号:J6-42/1074] | 在馆 | |
| 4 | 1179679 | 211796797 | 第一借阅区/ [索取号:J6-42/1074] | 在馆 |